| 000 | 005740000a22001810004500 | ||
|---|---|---|---|
| 003 | MACL | ||
| 005 | 20160601152820.0 | ||
| 008 | 160601b xxu||||| |||| 00| 0 eng d | ||
| 040 |
_aMACL _cMACL |
||
| 041 | _aHindi | ||
| 082 | _a920 | ||
| 100 |
_aचतुरसेन, आचार्य _937332 |
||
| 245 |
_aभारत के रत्न _cआचार्य चतुरसेन |
||
| 260 |
_aदिल्ली _bआरोग्य निधि प्रकाशन _c2012 |
||
| 350 | _a350 | ||
| 650 |
_aBiography _961391 |
||
| 942 |
_cHIN _k920/CHA _2ddc |
||
| 999 |
_c47688 _d47688 |
||